000 00740nam a2200205Ia 4500
001 8016
003 GE_BSU
008 181216s||||||||xx |||||||||||||| ||und||
040 _cGE_BSU
080 _a621.01(035.5)
100 _aАвт.кол. А.А.Кохтев, В.А.Лелянов, Н.Ф.Бессонова и др.
245 _aКраткий справочник по машиностроительным материалам.
245 _cПод общ. ред. В.М.Раскатова.
260 _aМ.
260 _bМашгиз.
260 _c1963.
300 _a440 стр. с илл. 22 см.
653 _aКраткий справочник по машиностроительным материалам.
942 _cBK
999 _c41358
_d41358